[Event "Macieja Memorial"]
[Site "Warsaw POL"]
[Date "2024.07.08"]
[Round "4.10"]
[White "Kaminski, Maciej"]
[Black "Seemann, Jakub"]
[Result "0-1"]
[WhiteElo "2019"]
[BlackElo "2358"]
[EventDate "2024.07.08"]
[PlyCount "48"]

1.Nf3 d5 2.g3 Nc6 3.Bg2 e5 4.d3 Bd6 5.Nbd2 Nge7 6.c4 O-O 7.cxd5 Nxd5 8.Nc4 Bb4+ 
9.Bd2 Bxd2+ 10.Qxd2 Re8 11.O-O Nb6 12.Nxb6 axb6 13.a3 Nd4 14.Nxd4 exd4 15.Rac1 
c5 16.b4 Qe7 17.bxc5 bxc5 18.Qc2 Ra5 19.Rb1 Rxa3 20.Rfc1 Rc3 21.Qa4 Qxe2 
22.Bxb7 Rxc1+ 23.Rxc1 Bxb7 24.Qd7 Qe1+ 0-1

[Event "Macieja Memorial"]
[Site "Warsaw POL"]
[Date "2024.07.08"]
[Round "4.11"]
[White "Sengupta, Deep"]
[Black "Sanz Wawer, Daniel"]
[Result "1-0"]
[WhiteElo "2350"]
[BlackElo "2216"]
[EventDate "2024.07.08"]
[PlyCount "133"]

1.d4 Nf6 2.Bf4 d6 3.e3 g6 4.Nf3 Bg7 5.h3 O-O 6.Be2 b6 7.O-O Bb7 8.a4 Nbd7 9.a5 
bxa5 10.Nbd2 c5 11.Nc4 Rb8 12.Nxa5 Ba8 13.Nc4 cxd4 14.exd4 Qc7 15.b3 Ne4 16.Qe1 
e5 17.Bh2 Rfe8 18.Bd3 f5 19.Qa5 Qxa5 20.Rxa5 f4 21.Rxa7 Ndf6 22.dxe5 dxe5 
23.Ncxe5 g5 24.Nd7 Nxd7 25.Rxd7 h6 26.Ra1 Bc6 27.Bc4+ Kh8 28.Rxg7 Kxg7 29.h4 
Ra8 30.Re1 Nd6 31.hxg5 Rxe1+ 32.Nxe1 hxg5 33.Bd3 Ra1 34.Kf1 Be4 35.Ke2 Bxd3+ 
36.Nxd3 Ne4 37.Kf3 Nd2+ 38.Kg4 Nf1 39.Kh3 g4+ 40.Kxg4 Nxh2+ 41.Kxf4 Nf1 42.b4 
Nd2 43.b5 Rb1 44.Ke3 Nc4+ 45.Kd4 Nd6 46.c4 Kf6 47.f3 Ke7 48.Nf4 Rd1+ 49.Nd3 
Nf5+ 50.Kc3 Kd6 51.g4 Nh4 52.f4 Rg1 53.g5 Rg3 54.c5+ Kd5 55.b6 Kc6 56.Kc4 Nf5 
57.Ne5+ Kb7 58.g6 Ne7 59.Kb5 Rb3+ 60.Kc4 Rg3 61.Kb5 Rb3+ 62.Kc4 Rg3 63.Kb5 Rg1 
64.g7 Rxg7 65.c6+ Nxc6 66.Nxc6 Rf7 67.Nd8+ 1-0

[Event "Macieja Memorial"]
[Site "Warsaw POL"]
[Date "2024.07.08"]
[Round "4.12"]
[White "Ptaszynski, Szymon"]
[Black "Kazakouski, Valery"]
[Result "0-1"]
[WhiteElo "1825"]
[BlackElo "2599"]
[EventDate "2024.07.08"]
[PlyCount "132"]

1.e4 c5 2.Nf3 a6 3.c4 Nc6 4.d4 cxd4 5.Nxd4 e5 6.Nf5 d6 7.Ng3 Be6 8.Nc3 Nf6 
9.Be2 Rc8 10.Be3 g6 11.Rc1 Bg7 12.O-O O-O 13.Qd2 h5 14.Rfd1 Nd4 15.Bxd4 exd4 
16.Qxd4 Nd5 17.Qd2 Nxc3 18.bxc3 Rc6 19.c5 Rxc5 20.Qxd6 Qxd6 21.Rxd6 Rxc3 
22.Rxc3 Bxc3 23.Rb6 Bc8 24.Bc4 Kg7 25.Ne2 Ba5 26.Rb1 b5 27.Bd5 Bd7 28.Kf1 Re8 
29.f3 f5 30.Rd1 Bc8 31.Nd4 fxe4 32.fxe4 Bb6 33.Ke2 Bg4+ 34.Nf3 Rc8 35.h3 Bd7 
36.Bb7 Rc2+ 37.Rd2 Rxd2+ 38.Nxd2 a5 39.Bd5 Kf6 40.Nf3 Bc7 41.Kd3 Be5 42.Ke3 b4 
43.Nd2 a4 44.Nc4 a3 45.Nd2 g5 46.Nb3 Bd6 47.Kf3 Bb5 48.Ke3 Bf1 49.Kf2 Ba6 50.g3 
Bc8 51.Kg2 Ke5 52.Nd2 Be7 53.Nf3+ Kd6 54.Nd4 Bf6 55.Nb3 g4 56.hxg4 hxg4 57.Na5 
Bd7 58.Nc4+ Kc5 59.Nd2 Kd4 60.Nb3+ Kc3 61.Nc5 Bb5 62.Nb7 Be5 63.Na5 Bc7 64.Nc6 
Bc4 65.Bxc4 Kxc4 66.Na5+ Bxa5 0-1

[Event "Macieja Memorial"]
[Site "Warsaw POL"]
[Date "2024.07.08"]
[Round "4.13"]
[White "Socko, Bartosz"]
[Black "Smal, Tobiasz"]
[Result "1-0"]
[WhiteElo "2552"]
[BlackElo "2104"]
[EventDate "2024.07.08"]
[PlyCount "65"]

1.g3 Nf6 2.Bg2 g6 3.e4 d6 4.d4 Bg7 5.Nc3 O-O 6.Nge2 e5 7.h3 Nc6 8.Be3 exd4 
9.Nxd4 Bd7 10.O-O Nxd4 11.Bxd4 Bc6 12.Qd2 Re8 13.Rae1 Nd7 14.Bxg7 Kxg7 15.f4 a5 
16.Kh2 Kg8 17.h4 Nf6 18.Bf3 b5 19.Qd4 b4 20.Nd1 Bb5 21.Rg1 c5 22.Qd2 Bc6 23.Nf2 
h5 24.f5 Qe7 25.Qh6 Qf8 26.Qf4 Rad8 27.g4 hxg4 28.Nxg4 Nh5 29.Qg5 d5 30.e5 Qg7 
31.Nh6+ Kf8 32.f6 Qh7 33.Bxh5 1-0

[Event "Macieja Memorial"]
[Site "Warsaw POL"]
[Date "2024.07.08"]
[Round "4.14"]
[White "Lecki, Leonard"]
[Black "Heberla, Bartlomiej"]
[Result "0-1"]
[WhiteElo "1941"]
[BlackElo "2409"]
[EventDate "2024.07.08"]
[PlyCount "56"]

1.e4 e5 2.Nc3 Nf6 3.g3 d5 4.exd5 c6 5.dxc6 Nxc6 6.h3 Bf5 7.Bg2 Qd7 8.Nge2 h5 
9.d3 Bb4 10.a3 Ba5 11.Bg5 O-O-O 12.Qd2 Nd4 13.O-O-O Kb8 14.Qe3 Rhe8 15.Kb1 Rc8 
16.Rc1 Nh7 17.Nxd4 exd4 18.Qf4+ Bc7 19.Qf3 Ba5 20.Bf4+ Ka8 21.Nd5 g5 22.Bc7 
Bxc7 23.Nf6 Qb5 24.Nxe8 Rxe8 25.Rhe1 Rxe1 26.Rxe1 Be6 27.a4 Qb4 28.h4 Qxe1+ 0-1

[Event "Macieja Memorial"]
[Site "Warsaw POL"]
[Date "2024.07.08"]
[Round "4.15"]
[White "Kanarek, Marcel"]
[Black "Gbiorczyk, Mikolaj"]
[Result "1-0"]
[WhiteElo "2389"]
[BlackElo "1967"]
[EventDate "2024.07.08"]
[PlyCount "141"]

1.e4 c6 2.d4 g6 3.Nc3 Bg7 4.f4 d5 5.e5 h5 6.Be3 Nh6 7.Nf3 Bg4 8.Be2 e6 9.O-O 
O-O 10.Qd2 Nd7 11.Nd1 Rc8 12.Bf2 Nf5 13.Ne3 Bxf3 14.Bxf3 Nxe3 15.Bxe3 c5 16.c3 
Qb6 17.dxc5 Qc7 18.b4 b6 19.cxb6 Nxb6 20.Rfc1 Rfd8 21.Bd4 Bf8 22.a4 Qd7 23.a5 
Nc4 24.Qf2 Rc7 25.Bd1 Rdc8 26.Ba4 Qe7 27.Bc5 Rxc5 28.bxc5 Qc7 29.c6 Qxa5 30.Kh1 
Bc5 31.Qc2 Be3 32.Rf1 Qc5 33.Rad1 Nb6 34.Rf3 d4 35.cxd4 Bxd4 36.Qxc5 Bxc5 
37.Bb5 a6 38.Bxa6 Rxc6 39.Bb5 Rc7 40.Rc1 Nd5 41.g3 Kg7 42.Bd3 Nb4 43.Be4 Bb6 
44.Rxc7 Bxc7 45.Rb3 Ba5 46.Ra3 Bd8 47.Ra4 Be7 48.Kg2 Kf8 49.Kf3 Ke8 50.Ke2 Kd7 
51.Kd2 Bc5 52.Kc3 Nc6 53.Bxc6+ Kxc6 54.Kc4 Bg1 55.Ra2 Kb6 56.Rg2 Be3 57.Re2 Bg1 
58.Rd2 Kc6 59.h3 Be3 60.Re2 Bg1 61.Ra2 Be3 62.Rc2 Bg1 63.Rg2 Be3 64.Kd3 Bb6 
65.Ke4 Bc5 66.Rd2 Bg1 67.Rd8 Bc5 68.Rc8+ Kb5 69.Rc7 Bf2 70.Rxf7 Bxg3 71.Rf6 1-0

[Event "Macieja Memorial"]
[Site "Warsaw POL"]
[Date "2024.07.08"]
[Round "4.16"]
[White "Johannesson, Ingvar Thor"]
[Black "Zalega, Maciej"]
[Result "1-0"]
[WhiteElo "2365"]
[BlackElo "1922"]
[EventDate "2024.07.08"]
[PlyCount "95"]

1.d4 Nf6 2.Nf3 g6 3.c4 Bg7 4.Nc3 d6 5.e4 O-O 6.Be2 Nbd7 7.O-O e5 8.Re1 Re8 
9.Bf1 exd4 10.Nxd4 a5 11.f3 Nc5 12.Be3 Nfd7 13.Qd2 Nf8 14.Rad1 Nfe6 15.Ndb5 Bd7 
16.Na3 Bc6 17.Nd5 a4 18.Kh1 Nd7 19.Rc1 Ndc5 20.Qf2 Rf8 21.Nb5 Bxb5 22.cxb5 f5 
23.exf5 Rxf5 24.Bc4 Kh8 25.b4 axb3 26.axb3 c6 27.bxc6 bxc6 28.Nb4 Qc7 29.Nxc6 
Re8 30.Nd4 Nxd4 31.Bxd4 Rxe1+ 32.Rxe1 Rf8 33.Bxg7+ Qxg7 34.Qd2 Rd8 35.Qd5 h6 
36.h3 Kh7 37.b4 Na4 38.Rb1 Nb6 39.Qd3 Nxc4 40.Qxc4 d5 41.Qd3 d4 42.b5 Rb8 43.b6 
Qf6 44.Qb5 d3 45.Qxd3 Rxb6 46.Qd7+ Kh8 47.Qc8+ Kg7 48.Qc7+ 1-0

[Event "Macieja Memorial"]
[Site "Warsaw POL"]
[Date "2024.07.08"]
[Round "4.17"]
[White "Szustakowski, Antoni"]
[Black "Klimek, Piotr"]
[Result "1-0"]
[WhiteElo "2207"]
[BlackElo "1866"]
[EventDate "2024.07.08"]
[PlyCount "69"]

1.Nf3 g6 2.d4 Bg7 3.c4 Nf6 4.Nc3 d5 5.cxd5 Nxd5 6.e4 Nxc3 7.bxc3 c5 8.Rb1 Qc7 
9.Be2 O-O 10.O-O Rd8 11.Be3 Nc6 12.Qd2 Bg4 13.d5 Bxf3 14.Bxf3 Ne5 15.Be2 h5 
16.h3 b6 17.f4 Nd7 18.c4 Nf6 19.Bf3 Rac8 20.e5 Ne8 21.Qc2 Qd7 22.e6 Qd6 
23.exf7+ Kxf7 24.f5 Bd4 25.fxg6+ Kg7 26.Bxd4+ cxd4 27.Qd3 Qxg6 28.Qxd4+ Nf6 
29.Rbe1 Rc7 30.Re6 Rd6 31.Rfe1 Rxe6 32.Rxe6 Qb1+ 33.Kh2 Qf5 34.Re5 Qg6 35.Bxh5 1-0

[Event "Macieja Memorial"]
[Site "Warsaw POL"]
[Date "2024.07.08"]
[Round "4.18"]
[White "Paluszek, Jan"]
[Black "Sriram, Jha"]
[Result "0-1"]
[WhiteElo "1807"]
[BlackElo "2191"]
[EventDate "2024.07.08"]
[PlyCount "126"]

1.d4 d5 2.c4 c6 3.Nf3 Nf6 4.Qc2 g6 5.Nc3 Bg7 6.cxd5 cxd5 7.Bf4 O-O 8.e3 Nc6 
9.Be2 Bf5 10.Qb3 Na5 11.Qb4 Qb6 12.Qxb6 axb6 13.O-O Rfc8 14.Rfc1 Nc4 15.Nxd5 
Nxd5 16.Bxc4 Nxf4 17.exf4 e6 18.Ne5 Rd8 19.Rd1 Rac8 20.Bb3 Bc2 21.Bxc2 Rxc2 
22.Rac1 Rxd4 23.g3 Rxd1+ 24.Rxd1 Bxe5 25.fxe5 Rxb2 26.Rd8+ Kg7 27.Rd7 Rxa2 
28.Rxb7 Rb2 29.Kg2 h5 30.h4 b5 31.Kf3 b4 32.Ke3 Rb3+ 33.Kd2 Rb2+ 34.Ke3 b3 
35.f4 Rb1 36.Kd2 b2 37.Kc2 Rg1 38.Rb3 b1=Q+ 39.Rxb1 Rxg3 40.Rf1 Rh3 41.Kd2 Rxh4 
42.Ke3 Rh3+ 43.Kf2 Ra3 44.Kg2 Kh6 45.Rf2 Re3 46.Rf1 Kg7 47.Rf2 g5 48.fxg5 Rxe5 
49.Kh3 Rxg5 50.Kh4 Kg6 51.Rf1 Rg4+ 52.Kh3 f5 53.Rf2 e5 54.Rc2 Kg5 55.Rc8 e4 
56.Rg8+ Kf4 57.Re8 e3 58.Kh2 Kf3 59.Re7 e2 60.Kh1 Re4 61.Rf7 e1=Q+ 62.Kh2 Qg3+ 
63.Kh1 Re1# 0-1

[Event "Macieja Memorial"]
[Site "Warsaw POL"]
[Date "2024.07.08"]
[Round "4.19"]
[White "Binkowska, Agata"]
[Black "Mis, Mieszko"]
[Result "0-1"]
[WhiteElo "1912"]
[BlackElo "2344"]
[EventDate "2024.07.08"]
[PlyCount "106"]

1.e4 g6 2.d4 Bg7 3.Nc3 a6 4.Be3 b5 5.f4 d6 6.Nf3 Nd7 7.Bd3 Bb7 8.Qd2 Ngf6 9.a3 
O-O 10.e5 Ng4 11.Bg1 c5 12.h3 Nh6 13.Be4 Bxe4 14.Nxe4 cxd4 15.exd6 Nf5 16.Nxd4 
Nxd6 17.Nxd6 exd6 18.O-O-O Rc8 19.Nb3 Nf6 20.Qxd6 Qxd6 21.Rxd6 Ne4 22.Rd3 Rfe8 
23.Be3 Bh6 24.Rhd1 Ng3 25.Kb1 Ne2 26.Bc1 Bxf4 27.Bxf4 Nxf4 28.R3d2 Kg7 29.Rf1 
Re4 30.Rd7 Rf8 31.Rf2 g5 32.Nc5 Re1+ 33.Ka2 a5 34.Rb7 b4 35.axb4 axb4 36.Rxb4 
Rc8 37.Rb5 Rg1 38.Ne4 h6 39.h4 f6 40.Rb7+ Kg6 41.g4 gxh4 42.Rxf4 Ra8+ 43.Kb3 
Ra6 44.Rb8 h3 45.Rg8+ Kf7 46.Rh8 Kg7 47.Re8 h2 48.Nf2 Rf1 49.Re7+ Kf8 50.Rh7 
Rxf2 51.Rxf2 h1=Q 52.Rf5 Rb6+ 53.Ka2 Qe4 0-1

[Event "Macieja Memorial"]
[Site "Warsaw POL"]
[Date "2024.07.08"]
[Round "4.20"]
[White "Kicinski, Jacek"]
[Black "Zatonskih, Anna"]
[Result "1-0"]
[WhiteElo "1915"]
[BlackElo "2324"]
[EventDate "2024.07.08"]
[PlyCount "33"]

1.d4 d5 2.Nf3 e6 3.Bg5 Be7 4.Bxe7 Qxe7 5.e3 Qb4+ 6.Nbd2 Qxb2 7.Bd3 Nf6 8.O-O 
Qa3 9.Ne5 O-O 10.f4 b6 11.g4 Bb7 12.g5 Ne4 13.Rf3 Qe7 14.Rh3 f5 15.Bxe4 fxe4 
16.Rxh7 Nd7 17.Qh5 1-0

[Event "Macieja Memorial"]
[Site "Warsaw POL"]
[Date "2024.07.08"]
[Round "4.21"]
[White "Szarwacki, Dominik"]
[Black "Socko, Monika"]
[Result "1/2-1/2"]
[WhiteElo "1897"]
[BlackElo "2288"]
[EventDate "2024.07.08"]
[PlyCount "113"]

1.e4 e6 2.d4 d5 3.Nc3 Nf6 4.Bg5 Be7 5.e5 Nfd7 6.h4 h6 7.Bxe7 Qxe7 8.Nb5 Nf8 
9.Qg4 a6 10.Nc3 g6 11.Nxd5 Qd8 12.Nf6+ Ke7 13.O-O-O Nbd7 14.Ne4 b6 15.Nf3 Bb7 
16.Bd3 Qe8 17.h5 Kd8 18.hxg6 Nxg6 19.Nh4 Nxh4 20.Rxh4 Kc8 21.Qf4 h5 22.Rdh1 Kb8 
23.Rxh5 Rxh5 24.Rxh5 f5 25.Qh4 fxe4 26.Rh8 Nf8 27.Bxe4 Ka7 28.Bxb7 Kxb7 29.Qe4+ 
Qc6 30.Qxc6+ Kxc6 31.g4 Re8 32.f4 Kd7 33.Kd2 Ng6 34.Rh7+ Re7 35.Rxe7+ Nxe7 
36.c4 c5 37.Ke3 cxd4+ 38.Kxd4 Nc6+ 39.Ke4 Ke7 40.f5 exf5+ 41.gxf5 a5 42.b3 Nb4 
43.a3 Nc2 44.Kd5 Nxa3 45.Kc6 Nc2 46.Kxb6 Nd4 47.Kxa5 Nxb3+ 48.Kb6 Nd4 49.c5 
Nxf5 50.c6 Ne3 51.Kc5 Nf5 52.Kd5 Kd8 53.Ke6 Nd4+ 54.Kd6 Nxc6 55.Kxc6 Ke7 56.Kd5 
Kd7 57.e6+ 1/2-1/2

[Event "Macieja Memorial"]
[Site "Warsaw POL"]
[Date "2024.07.08"]
[Round "4.22"]
[White "Maltsevskaya, Aleksandra"]
[Black "Kotowicz, Kamil"]
[Result "1-0"]
[WhiteElo "2288"]
[BlackElo "1892"]
[EventDate "2024.07.08"]
[PlyCount "107"]

1.e4 c6 2.d4 d5 3.e5 Bf5 4.c4 e6 5.h4 h5 6.Nc3 Be7 7.g3 Nd7 8.Nge2 Bg4 9.Be3 
dxc4 10.Bg2 Bxe2 11.Qxe2 Nb6 12.O-O Qd7 13.a4 a5 14.Rad1 Nd5 15.Qxc4 Nh6 
16.Nxd5 exd5 17.Qe2 Nf5 18.Qd3 g6 19.Bd2 O-O 20.Rde1 Ra6 21.Bh3 Rb6 22.b3 Bb4 
23.Bxb4 Rxb4 24.Re3 Qe6 25.Bxf5 Qxf5 26.Qxf5 gxf5 27.Rd1 Re8 28.Rdd3 Kg7 29.Kf1 
Kg6 30.Ke2 b5 31.Rc3 Re6 32.axb5 cxb5 33.Red3 a4 34.bxa4 bxa4 35.Ke3 f6 36.f4 
fxe5 37.fxe5 Ra6 38.Ra3 Rc6 39.Rdc3 Rcc4 40.Rxc4 dxc4 41.Ra2 Rb3+ 42.Kf4 a3 
43.d5 c3 44.d6 Kf7 45.Kxf5 Rb2 46.e6+ Kg7 47.Rxa3 Rf2+ 48.Ke5 c2 49.Rc3 Re2+ 
50.Kd5 Rd2+ 51.Kc6 Kf6 52.e7 Kf7 53.Kd7 Re2 54.Rxc2 1-0

[Event "Macieja Memorial"]
[Site "Warsaw POL"]
[Date "2024.07.08"]
[Round "4.23"]
[White "Gahan, M G"]
[Black "Bartodziej, Bartosz"]
[Result "1-0"]
[WhiteElo "2237"]
[BlackElo "1876"]
[EventDate "2024.07.08"]
[PlyCount "69"]

1.d4 Nf6 2.Nc3 d5 3.Bf4 a6 4.e3 e6 5.Nf3 c5 6.Ne5 Nbd7 7.Qd2 Nxe5 8.Bxe5 Bd6 
9.Bxd6 Qxd6 10.Bd3 b5 11.dxc5 Qxc5 12.a4 b4 13.Na2 a5 14.c3 Bd7 15.cxb4 axb4 
16.Nxb4 Rxa4 17.Rxa4 Bxa4 18.O-O O-O 19.Rc1 Qd6 20.Ra1 Bd7 21.Na6 Ra8 22.b4 Qb6 
23.Qc3 Bb5 24.Nc5 Rxa1+ 25.Qxa1 g6 26.Qxf6 Bxd3 27.Nxd3 Qa6 28.Qd4 Qa4 29.h4 
Qd1+ 30.Kh2 h5 31.g3 Qd2 32.Kg2 Kf8 33.Nf4 Qc1 34.Qc5+ Qxc5 35.bxc5 1-0

[Event "Macieja Memorial"]
[Site "Warsaw POL"]
[Date "2024.07.08"]
[Round "4.24"]
[White "Pancewicz, Szymon"]
[Black "Zawadzka, Jolanta"]
[Result "0-1"]
[WhiteElo "1896"]
[BlackElo "2185"]
[EventDate "2024.07.08"]
[PlyCount "50"]

1.d4 d5 2.Nc3 e6 3.Bf4 Bd6 4.e3 Nf6 5.Nf3 O-O 6.Bd3 c5 7.O-O Nc6 8.dxc5 Bxc5 
9.e4 d4 10.Ne2 Nh5 11.Bd2 e5 12.c3 Bg4 13.Ng3 Nf4 14.Bb5 Qf6 15.Bxc6 bxc6 
16.cxd4 Bxd4 17.Bc3 Bxc3 18.bxc3 Rad8 19.Qa4 Bxf3 20.gxf3 Rd3 21.Rfe1 Rxf3 
22.Rad1 Nh3+ 23.Kg2 Rxf2+ 24.Kxh3 Qh6+ 25.Kg4 Rf4# 0-1

[Event "Macieja Memorial"]
[Site "Warsaw POL"]
[Date "2024.07.08"]
[Round "4.25"]
[White "Ashwath, Kaushik"]
[Black "Mulawa, Cyprian"]
[Result "1-0"]
[WhiteElo "1881"]
[BlackElo "2178"]
[EventDate "2024.07.08"]
[PlyCount "103"]

1.e4 c5 2.Nf3 d6 3.d4 Nf6 4.Nc3 cxd4 5.Nxd4 a6 6.Bg5 e6 7.f4 h6 8.Bh4 Qb6 9.a3 
Be7 10.Bf2 Qc7 11.g4 Nc6 12.Rg1 g5 13.f5 Ne5 14.fxe6 fxe6 15.h3 Bd7 16.Qd2 
O-O-O 17.O-O-O Kb8 18.Bg3 Rhf8 19.Be2 b5 20.Rgf1 Qb7 21.Qe3 Rc8 22.Nf3 Nxf3 
23.Rxf3 e5 24.Rff1 a5 25.Bf2 b4 26.axb4 axb4 27.Nd5 Nxd5 28.Rxd5 Bc6 29.Ra5 
Bxe4 30.Rb5 Rxc2+ 31.Kd1 Qxb5 32.Bxb5 d5 33.Qb6+ Kc8 34.Qe6+ Kb8 35.Qxe7 Rfxf2 
36.Rxf2 Rxf2 37.Qd8+ Kb7 38.Qd7+ Kb8 39.Qd6+ Kb7 40.Bc6+ Kb6 41.Bxd5+ Kb5 
42.Qc6+ Ka5 43.Bxe4 Rxb2 44.Qc5+ Ka4 45.Bc6+ Ka3 46.Qa5+ Kb3 47.Qxe5 Rb1+ 
48.Kd2 Rf1 49.Bd5+ Ka3 50.Qe3+ Ka4 51.Bc6+ Ka5 52.Qa7# 1-0

[Event "Macieja Memorial"]
[Site "Warsaw POL"]
[Date "2024.07.08"]
[Round "4.26"]
[White "Mickiewicz, Piotr"]
[Black "Pawlowski, Maciej"]
[Result "1-0"]
[WhiteElo "2168"]
[BlackElo "1872"]
[EventDate "2024.07.08"]
[PlyCount "104"]

1.c4 e6 2.Nf3 f5 3.b3 Nf6 4.Bb2 Be7 5.e3 d6 6.Be2 e5 7.d4 e4 8.Nfd2 c6 9.Nc3 d5 
10.Qc2 a6 11.Na4 O-O 12.g3 Nbd7 13.Qc1 b5 14.cxb5 cxb5 15.Nc5 Qb6 16.Ba3 b4 
17.Na4 Qb8 18.Bb2 a5 19.O-O Ba6 20.Qd1 Bxe2 21.Qxe2 Rc8 22.Rac1 Qb7 23.Nc5 Nxc5 
24.dxc5 Nd7 25.f3 Bf6 26.Bxf6 Nxf6 27.fxe4 fxe4 28.Rf5 Qd7 29.g4 Rc6 30.Qf2 
Rac8 31.g5 Ng4 32.Qf4 Nxe3 33.Re5 Ng4 34.Rf5 g6 35.Qxg4 Qxf5 36.Qg3 Rxc5 37.Rf1 
Rc1 38.Qd6 Rxf1+ 39.Nxf1 Rf8 40.Ng3 Qf2+ 41.Kh1 Qf3+ 42.Kg1 Qd1+ 43.Kg2 Qf3+ 
44.Kh3 e3 45.Qe6+ Qf7 46.Qxe3 Re8 47.Qd4 Qe6+ 48.Kg2 Qe5 49.Qa7 Qb2+ 50.Kh3 d4 
51.Qd7 Rf8 52.Ne4 d3 1-0

[Event "Macieja Memorial"]
[Site "Warsaw POL"]
[Date "2024.07.08"]
[Round "4.27"]
[White "Sacharewicz, Krzysztof"]
[Black "Rekuc, Patryk"]
[Result "0-1"]
[WhiteElo "1876"]
[BlackElo "2131"]
[EventDate "2024.07.08"]
[PlyCount "100"]

1.d4 Nf6 2.Nf3 e6 3.c4 b6 4.Nc3 Bb7 5.a3 Be7 6.e3 O-O 7.Bd3 d5 8.O-O Nbd7 9.b4 
dxc4 10.Bxc4 c5 11.bxc5 bxc5 12.Be2 Rc8 13.Bd2 cxd4 14.Nxd4 Nb6 15.a4 Qd7 16.a5 
Nbd5 17.Nxd5 Bxd5 18.Bf3 Ne4 19.a6 Rfd8 20.Ba5 Re8 21.Qb1 Rb8 22.Qd3 Nc5 23.Qe2 
Bf6 24.Bxd5 Qxd5 25.Rfd1 Qe4 26.Rac1 Na4 27.Nc6 Rb2 28.Qf3 Qxf3 29.gxf3 Ra2 
30.Be1 Nb2 31.Ra1 Rxa1 32.Rxa1 Nd3 33.Rd1 Nc5 34.Nxa7 Nxa6 35.Nc6 h5 36.e4 Rc8 
37.Nb4 Nb8 38.Nd3 Nc6 39.Nf4 g6 40.Kf1 Ne5 41.Kg2 Rc2 42.Rd2 Rc1 43.Re2 Nc6 
44.Nd3 Rd1 45.Nf4 Nd4 46.Re3 Nc2 47.e5 Nxe3+ 48.fxe3 Rxe1 49.exf6 Rxe3 50.Kf2 
Re5 0-1

[Event "Macieja Memorial"]
[Site "Warsaw POL"]
[Date "2024.07.08"]
[Round "4.28"]
[White "Mizzi, Jack"]
[Black "Zabawski, Grzegorz"]
[Result "1-0"]
[WhiteElo "2127"]
[BlackElo "1870"]
[EventDate "2024.07.08"]
[PlyCount "91"]

1.d4 Nf6 2.c4 e6 3.g3 d5 4.Bg2 Bd6 5.Nd2 O-O 6.Ngf3 Re8 7.O-O c6 8.Qc2 h6 9.Rd1 
Nbd7 10.b3 Nf8 11.Bb2 Ng6 12.e4 dxe4 13.Nxe4 Nxe4 14.Qxe4 Bd7 15.Ne5 Ne7 16.Qf3 
f6 17.Nxd7 Qxd7 18.Bh3 Rad8 19.d5 f5 20.dxe6 Qxe6 21.Re1 Qf7 22.a3 Rf8 23.Rad1 
Nc8 24.Qc3 Qg6 25.c5 Be7 26.Qc2 Bg5 27.Rxd8 Rxd8 28.Bxf5 Qh5 29.Be6+ Kh8 30.Qe2 
Qg6 31.Bc4 Ne7 32.Rd1 Nd5 33.Bxd5 cxd5 34.Bc1 Bf6 35.Bb2 Bg5 36.Kh1 a6 37.Qd3 
Qf7 38.f4 Be7 39.b4 a5 40.Re1 Bf8 41.Qf3 axb4 42.axb4 Qf5 43.Rd1 Qc2 44.Be5 Qc4 
45.Qd3 Qc2 46.Bd6 1-0

[Event "Macieja Memorial"]
[Site "Warsaw POL"]
[Date "2024.07.08"]
[Round "4.29"]
[White "Pietrzak, Wojciech"]
[Black "Krzywda, Andrzej"]
[Result "1-0"]
[WhiteElo "1870"]
[BlackElo "2123"]
[EventDate "2024.07.08"]
[PlyCount "65"]

1.e4 e5 2.Bc4 Nf6 3.d4 exd4 4.Nf3 Nxe4 5.Qxd4 Nf6 6.O-O Nc6 7.Re1+ Be7 8.Qf4 
O-O 9.Nc3 d5 10.Bd3 Bd6 11.Qh4 Be7 12.Bg5 h6 13.Rxe7 Nxe7 14.Bxf6 gxf6 15.Qxh6 
Nf5 16.Qh5 Qd7 17.g4 Re8 18.Bxf5 Qd6 19.Qh7+ Kf8 20.Qh8+ Ke7 21.Re1+ Be6 22.Qh4 
Rg8 23.Kf1 Kd7 24.Bxe6+ fxe6 25.Qh7+ Kc6 26.Nd4+ Kc5 27.Nxe6+ Kb6 28.Qd3 a6 
29.Qd4+ c5 30.Na4+ Ka7 31.Nexc5 b6 32.Ne4 Qxh2 33.Qxb6# 1-0

[Event "Macieja Memorial"]
[Site "Warsaw POL"]
[Date "2024.07.08"]
[Round "4.30"]
[White "Skurniak, Szymon"]
[Black "Michalska, Aleksandra"]
[Result "1-0"]
[WhiteElo "2107"]
[BlackElo "1857"]
[EventDate "2024.07.08"]
[PlyCount "113"]

1.e4 e5 2.Nf3 Nc6 3.d4 exd4 4.Nxd4 Qh4 5.Nxc6 Qxe4+ 6.Be2 dxc6 7.O-O Be6 8.Nc3 
Qh4 9.g3 Qd8 10.Qe1 Be7 11.Bf4 Nf6 12.Rd1 Qc8 13.Bd3 O-O 14.Ne4 Nd5 15.Bg5 Bxg5 
16.Nxg5 Bf5 17.c4 Nf6 18.Qc3 h6 19.Nf3 Bg4 20.Bb1 Bf5 21.Nd4 Bxb1 22.Rxb1 Qg4 
23.Nc2 Rad8 24.Ne3 Qh3 25.Rbd1 Rde8 26.Rd4 Qe6 27.Rfd1 Ne4 28.Qc2 Ng5 29.Rf4 
Qe7 30.Kg2 Rd8 31.h4 Ne6 32.Re4 Qc5 33.Rxd8 Rxd8 34.a3 a5 35.Qc3 b6 36.b4 axb4 
37.axb4 Qd6 38.Nf5 Qd3 39.Qe1 Qd7 40.Qa1 f6 41.Qe1 Nf8 42.g4 Ng6 43.h5 Ne5 
44.Rxe5 fxe5 45.Qxe5 Re8 46.Qf4 Qe6 47.Qxc7 Qe4+ 48.f3 Qe2+ 49.Kg3 Qe5+ 50.Qxe5 
Rxe5 51.Kf4 Re8 52.c5 bxc5 53.bxc5 Kf8 54.Nd4 Rc8 55.Ke5 Ke7 56.Nf5+ Kf7 
57.Nd6+ 1-0

[Event "Macieja Memorial"]
[Site "Warsaw POL"]
[Date "2024.07.08"]
[Round "4.31"]
[White "Adamski, Adam"]
[Black "Padalka, Artem"]
[Result "0-1"]
[WhiteElo "1870"]
[BlackElo "2101"]
[EventDate "2024.07.08"]
[PlyCount "46"]

1.e4 c5 2.Nf3 d6 3.d4 cxd4 4.Nxd4 Nf6 5.Nc3 g6 6.Be3 Bg7 7.f3 Nc6 8.Qd2 O-O 
9.O-O-O d5 10.Qe1 e5 11.Nxc6 bxc6 12.exd5 Nxd5 13.Bc4 Be6 14.Bc5 Re8 15.Ne4 Qc7 
16.g4 Nf4 17.Bxe6 Rxe6 18.h4 h5 19.Rg1 Rd8 20.Kb1 Rd5 21.Ba3 Re8 22.c4 Rd4 
23.b3 Red8 0-1

[Event "Macieja Memorial"]
[Site "Warsaw POL"]
[Date "2024.07.08"]
[Round "4.32"]
[White "Kowalski, Witold"]
[Black "Goraj, Barbara"]
[Result "1-0"]
[WhiteElo "1867"]
[BlackElo "2095"]
[EventDate "2024.07.08"]
[PlyCount "87"]

1.e4 c6 2.d4 d5 3.f3 e6 4.Nc3 Nf6 5.Be3 Bb4 6.e5 Nfd7 7.a3 Be7 8.f4 c5 9.Nf3 
Nc6 10.Qd2 a6 11.Be2 cxd4 12.Nxd4 Nxd4 13.Bxd4 g6 14.O-O Bc5 15.Bxc5 Nxc5 
16.Qd4 Qc7 17.Rad1 b6 18.Bf3 Bb7 19.Kh1 O-O-O 20.b4 Nd7 21.a4 Kb8 22.Nb1 Rc8 
23.Rc1 Qc4 24.c3 Qc6 25.Bd1 Ka8 26.Na3 Qc7 27.Bf3 Nb8 28.c4 dxc4 29.Nxc4 Ka7 
30.a5 Nd7 31.Bxb7 Qxb7 32.Nd6 Rxc1 33.Rxc1 Qb8 34.Qc4 Rd8 35.h3 bxa5 36.bxa5 
Nf8 37.Qc5+ Ka8 38.Qc6+ Ka7 39.Rc4 Rd7 40.Qc5+ Ka8 41.Rb4 Qc7 42.Qd4 Rd8 
43.Qe4+ Ka7 44.Rb7+ 1-0

[Event "Macieja Memorial"]
[Site "Warsaw POL"]
[Date "2024.07.08"]
[Round "4.33"]
[White "Szczotka, Klara"]
[Black "Leszczewicz, Karol"]
[Result "1-0"]
[WhiteElo "2093"]
[BlackElo "1851"]
[EventDate "2024.07.08"]
[PlyCount "55"]

1.d4 Nf6 2.c4 c5 3.d5 b5 4.cxb5 a6 5.bxa6 g6 6.Nc3 Bg7 7.e4 O-O 8.Nf3 Qa5 9.Bd2 
Bxa6 10.Bxa6 Qxa6 11.Qc2 d6 12.a4 Nbd7 13.Nb5 Rab8 14.O-O Rb7 15.Bc3 Ra8 16.b3 
Ne8 17.Nd2 Nc7 18.Nc4 Nb6 19.Nca3 Nxb5 20.Nxb5 Rc8 21.Bxg7 Kxg7 22.Qa2 c4 23.b4 
Nxa4 24.Nc3 Rxb4 25.Nxa4 Qb5 26.Nc3 Qc5 27.Rab1 Rcb8 28.Rxb4 1-0

[Event "Macieja Memorial"]
[Site "Warsaw POL"]
[Date "2024.07.08"]
[Round "4.34"]
[White "Kalus, Franciszek"]
[Black "Nesterenko, Kyrylo"]
[Result "0-1"]
[WhiteElo "1857"]
[BlackElo "2091"]
[EventDate "2024.07.08"]
[PlyCount "54"]

1.d4 Nf6 2.c4 c5 3.d5 e6 4.Nc3 exd5 5.cxd5 d6 6.Nf3 g6 7.Nd2 Bg7 8.e4 O-O 9.Be2 
a6 10.a4 Nbd7 11.O-O Re8 12.Re1 h6 13.Qc2 g5 14.Nc4 Ne5 15.Nxe5 Rxe5 16.f4 gxf4 
17.Bxf4 Re8 18.Bf3 Bg4 19.Qe2 Qd7 20.Bxg4 Nxg4 21.Bxd6 Bd4+ 22.Kh1 Nf2+ 23.Kg1 
Qxd6 24.Rad1 Nxd1+ 25.Kh1 Nf2+ 26.Kg1 Ng4+ 27.Kh1 Qxh2# 0-1

[Event "Macieja Memorial"]
[Site "Warsaw POL"]
[Date "2024.07.08"]
[Round "4.35"]
[White "Koseski, Damian"]
[Black "Czajkowski, Adam"]
[Result "0-1"]
[WhiteElo "1846"]
[BlackElo "2084"]
[EventDate "2024.07.08"]
[PlyCount "56"]

1.d4 Nf6 2.c4 g6 3.Nc3 d5 4.cxd5 Nxd5 5.e4 Nxc3 6.bxc3 Bg7 7.Nf3 c5 8.Be3 Nc6 
9.Be2 O-O 10.O-O Qc7 11.Qd2 Rd8 12.d5 e6 13.Rfd1 exd5 14.exd5 Be6 15.Bc4 Na5 
16.Qe2 Bg4 17.Rac1 a6 18.d6 Rxd6 19.Rxd6 Qxd6 20.Bxf7+ Kh8 21.c4 Nc6 22.h3 Bxf3 
23.Qxf3 Rf8 24.Qd5 Qf6 25.Be6 Rd8 26.Qe4 Re8 27.Bxc5 Qxe6 28.Qf4 Qe5 0-1

[Event "Macieja Memorial"]
[Site "Warsaw POL"]
[Date "2024.07.08"]
[Round "4.36"]
[White "Terkiewicz, Bruno"]
[Black "Hury, Tymoteusz"]
[Result "1-0"]
[WhiteElo "2084"]
[BlackElo "1846"]
[EventDate "2024.07.08"]
[PlyCount "73"]

1.d4 c6 2.e4 g6 3.c4 Bg7 4.Nc3 d6 5.Be3 Nf6 6.h3 Nbd7 7.Nf3 O-O 8.Be2 a6 9.a4 
Qa5 10.O-O Qb4 11.Ra3 e5 12.Qc2 Qa5 13.Rb1 Qc7 14.d5 c5 15.Nd2 Ne8 16.g4 f5 
17.exf5 gxf5 18.gxf5 Ndf6 19.b4 cxb4 20.Rxb4 e4 21.Ncxe4 Bxf5 22.Nxf6+ Rxf6 
23.Ne4 Rg6+ 24.Kh2 Qe7 25.c5 dxc5 26.Bxc5 Be5+ 27.Kh1 Bxe4+ 28.Rxe4 Qg5 29.Rg4 
Qh6 30.d6 Rxg4 31.Bxg4 Nxd6 32.Re3 Bf4 33.Re6 Qg7 34.Bxd6 Bg5 35.Be5 Qf7 36.Qf5 
Qd7 37.Qxg5+ 1-0